<?xml version="1.0" encoding="UTF-8"?>
<record
    xmlns:xsi="http://www.w3.org/2001/XMLSchema-instance"
    xsi:schemaLocation="http://www.loc.gov/MARC21/slim http://www.loc.gov/standards/marcxml/schema/MARC21slim.xsd"
    xmlns="http://www.loc.gov/MARC21/slim">

  <leader>00738cam a2200241 a 4500</leader>
  <controlfield tag="008">                                        </controlfield>
  <datafield tag="020" ind1=" " ind2=" ">
    <subfield code="a">0314141162 (hbk.)</subfield>
  </datafield>
  <datafield tag="049" ind1=" " ind2=" ">
    <subfield code="a">MAIN</subfield>
  </datafield>
  <datafield tag="090" ind1="0" ind2="0">
    <subfield code="a">JK276</subfield>
    <subfield code="b">MIL</subfield>
  </datafield>
  <datafield tag="100" ind1="1" ind2=" ">
    <subfield code="a">Miller, Roger LeRoy.</subfield>
  </datafield>
  <datafield tag="245" ind1="1" ind2="0">
    <subfield code="a">NTC's American government /</subfield>
    <subfield code="c">Roger LeRoy Miller.</subfield>
  </datafield>
  <datafield tag="250" ind1=" " ind2=" ">
    <subfield code="a">2nd ed.</subfield>
  </datafield>
  <datafield tag="260" ind1=" " ind2=" ">
    <subfield code="a">Lincolnwood, Ill. :</subfield>
    <subfield code="b">National Textbook Company,</subfield>
    <subfield code="c">c1999.</subfield>
  </datafield>
  <datafield tag="300" ind1=" " ind2=" ">
    <subfield code="a">xxii, 855 p. :</subfield>
    <subfield code="b">mostly col. ill., ;</subfield>
    <subfield code="c">27 cm.</subfield>
  </datafield>
  <datafield tag="504" ind1=" " ind2=" ">
    <subfield code="a">Includes bibliographical references.</subfield>
  </datafield>
  <datafield tag="500" ind1="0" ind2=" ">
    <subfield code="a">Includes index.</subfield>
  </datafield>
  <datafield tag="650" ind1=" " ind2="0">
    <subfield code="a">United States</subfield>
    <subfield code="x">Politics and government.</subfield>
  </datafield>
  <datafield tag="907" ind1=" " ind2=" ">
    <subfield code="a">.b10261096</subfield>
    <subfield code="b">14-07-09</subfield>
    <subfield code="c">06-03-09</subfield>
  </datafield>
  <controlfield tag="003"></controlfield>
  <controlfield tag="005">20230123124929.0</controlfield>
  <datafield tag="040" ind1=" " ind2=" ">
    <subfield code="c">NUST</subfield>
  </datafield>
  <datafield tag="942" ind1=" " ind2=" ">
    <subfield code="c">BOOKS</subfield>
    <subfield code="k">JK276</subfield>
    <subfield code="m">MIL</subfield>
  </datafield>
  <datafield tag="999" ind1=" " ind2=" ">
    <subfield code="c">132767</subfield>
    <subfield code="d">132767</subfield>
  </datafield>
  <datafield tag="952" ind1=" " ind2=" ">
    <subfield code="r">2023-01-23 00:00:00</subfield>
    <subfield code="l">1</subfield>
    <subfield code="o">JK276 MIL</subfield>
    <subfield code="p">92004008638</subfield>
    <subfield code="v">80.00</subfield>
    <subfield code="w">2023-01-23</subfield>
    <subfield code="y">BOOKS</subfield>
    <subfield code="1">0</subfield>
    <subfield code="2">LCC</subfield>
    <subfield code="4">0</subfield>
    <subfield code="7">0</subfield>
    <subfield code="8">NFIC</subfield>
    <subfield code="0">0</subfield>
    <subfield code="a">MAIN</subfield>
    <subfield code="b">MAIN</subfield>
    <subfield code="c">GEN</subfield>
    <subfield code="d">2023-01-23</subfield>
    <subfield code="g">80.00</subfield>
  </datafield>
</record>
